| 000 | 00436nam a2200145Ia 4500 | ||
|---|---|---|---|
| 008 | 100415s9999 xx 000 0 und d | ||
| 082 | _b7270 | ||
| 100 | _aB.B.O.C | ||
| 245 | _aBulletin Of The British Ornithologist's Club Lvii | ||
| 260 |
_aLONDON _c1937 _bWITHERBY & CO |
||
| 365 | _b0 | ||
| 630 | _aBulletin Of The British Ornithologist's Club Lvii | ||
| 730 | _aBulletin Of The British Ornithologist's Club Lvii | ||
| 942 | _cBOOK | ||
| 999 |
_c590228 _d590225 |
||